000
00194nam a2200085 4500
001
1254683
005
20251120125200.0
245
_a
İÇİMDEKİ HAYAL
_c
SHARON M.DRAPER
260
_b
TİMAŞ YAYINLARI
999
_c
1254683
_d
1254683